| 000 | 01183nac a22003857a 4500 | ||
|---|---|---|---|
| 001 | BR9213907 | ||
| 003 | BR-BrBNA | ||
| 005 | 20240105121312.0 | ||
| 008 | 230509b bl.|||m| |||| 00| 0 por d | ||
| 040 |
_aBR-BrBNA _bpor _cBiblioteca Nacional de Agricultura |
||
| 072 | _aF01; F07 | ||
| 090 | _a1410 BR9213907 | ||
| 100 | 1 | _aAidar, H. | |
| 100 | 1 | _aYokoyama, M. | |
| 100 | 1 | _aSilveira, P.M. da | |
| 100 | 1 | _aKluthcouski, J. | |
| 100 | 1 | _aSilva, C.C. da | |
| 100 | 1 | _aPereira, P.A.A. | |
| 100 | 1 | _aLopes, M. de A. | |
| 100 | 1 | _aBaldan Filho, W. | |
| 110 | 1 | _aCentro Nacional de Pesquisa em Arroz e Feijao, Goiania, GO (Brasil) | |
| 245 | 1 | _aAvancos da pesquisa com feijao (Phaseolus vulgaris L.)em varzeas no Projeto Formoso | |
| 260 | 3 |
_aGoiania, GO (Brasil): _c1992. |
|
| 300 | _a20 p. | ||
| 490 |
_aDocumentos - Centro Nacional de Pesquisa em Arroz e Feijao (Brazil) _vno. 38 _xISSN 0101-9716 |
||
| 500 | _a8 illus. | ||
| 650 | _aFeijao | ||
| 650 | _aPratica Cultural | ||
| 650 | _aCultivo do Solo | ||
| 650 | _aVarzea | ||
| 650 | _aPlantadeira | ||
| 650 | _aTocantins | ||
| 909 |
_a202312 _bLúcia Elande _c55 _dLúcia Elande |
||
| 942 |
_2AGRIS _n0 _cMS |
||
| 999 |
_c284511 _d284511 |
||